000 00410nam a2200169Ia 4500
100 _aBaudin/Michael
650 _aMANUFACTURING
942 _cRB
366 _f20
654 _amanufacturing
245 _aManufacturing system analysis with application to Production scheduling
260 _bYourdon Press
_c1990
082 _a658.53
_bBAU
300 _a360
546 _aENGLISH
_cInfo.Tech
999 _c26836
_d26836